Электронная информационно-образовательная среда колледжа (Запись № 13532575)

Подробности
000 -МАРКЕР
контрольное поле 03097nam0a2200433 4500
001 - ИДЕНТИФИКАТОР ЗАПИСИ
контрольное поле RU\NLR\BIBL_A\022574822
005 - ИДЕНТИФИКАТОР ВЕРСИИ
контрольное поле 20260119180130.0
010 ## - МЕЖДУНАРОДНЫЙ СТАНДАРТНЫЙ НОМЕР КНИГИ (ISBN)
Номер (ISBN) 978-5-4488-2400-5
Уточнения Профобразование
010 ## - МЕЖДУНАРОДНЫЙ СТАНДАРТНЫЙ НОМЕР КНИГИ (ISBN)
Номер (ISBN) 978-5-4497-3963-6
Уточнения Ай Пи Ар Медиа
Тираж 500
021 ## - НОМЕР ГОСУДАРСТВЕННОЙ РЕГИСТРАЦИИ
Код страны Российская Федерация
Номер КН-П-25-026229
Номер Листа государственной регистраци КН-П-25-2614
035 ## - ДРУГИЕ СИСТЕМНЫЕ НОМЕРА
Идентификатор записи (NLR Aleph) 022574822
100 ## - ДАННЫЕ ОБЩЕЙ ОБРАБОТКИ
Данные общей обработки 20250626d2025 u y0rusy50 ca
101 0# - ЯЗЫК РЕСУРСА
Язык текста, звукозаписи и т.д. русский
102 ## - СТРАНА ПУБЛИКАЦИИ ИЛИ ПРОИЗВОДСТВА
Страна публикации Российская Федерация
105 ## - ПОЛЕ КОДИРОВАННЫХ ДАННЫХ: ТЕКСТОВЫЕ МАТЕРИАЛЫ, МОНОГРАФИЧЕСКИЕ
Кодированные данные о монографическом текстовом документе a z 000yy
181 #0 - ПОЛЕ КОДИРОВАННЫХ ДАННЫХ: ВИД СОДЕРЖАНИЯ
Код вида содержания (ISBD) i3
Код характеристики содержания (ISBD) axxe
182 #0 - ПОЛЕ КОДИРОВАННЫХ ДАННЫХ: ТИП СРЕДСТВА
Код типа средства (ISBD) n - непосредственное
200 1# - ЗАГЛАВИЕ И СВЕДЕНИЯ ОБ ОТВЕТСТВЕННОСТИ
Основное заглавие Электронная информационно-образовательная среда колледжа
Сведения, относящиеся к заглавию методические рекомендации
Первые сведения об ответственности Н. Ю. Иванова, А. С. Борисова, Е. А. Лохматов, канд. юрид. наук, А. А. Кошелев, канд. социал. наук, доц.
Последующие сведения об ответственности Федеральная служба по надзору в сфере образования и науки, Федеральное государственное бюджетное образовательное учреждение "Национальное аккредитационное агентство в сфере образования"
203 ## - ВИД СОДЕРЖАНИЯ И ТИП СРЕДСТВА
Вид содержания Текст
Дополнительные сведения об издании визуальный
Тип средства непосредственный
210 ## - ПУБЛИКАЦИЯ, РАСПРОСТРАНЕНИЕ И ДР.
Место издания, распространения и т.д. Москва
Имя издателя, распространителя и т. д. Ай Пи Ар Медиа
Место издания, распространения и т.д. Саратов
Адрес издателя, распространителя и т. д. Профобразование
Дата издания, распространения и т.д. 2025
215 ## - ФИЗИЧЕСКАЯ ХАРАКТЕРИСТИКА
Специфическое обозначение материала и объем 73 с.
Другие сведения о физической характеристике ил., табл.
Размеры 21
225 1# - СЕРИЯ
Основное заглавие серии Серия "PROкачество образования: Колледж"
300 ## - ОБЩИЕ ПРИМЕЧАНИЯ
Текст примечания Авт. указаны на обороте тит. л.
300 ## - ОБЩИЕ ПРИМЕЧАНИЯ
Текст примечания До. информ. в ссылке QR-кода кн.
606 1# - НАИМЕНОВАНИЕ ТЕМЫ КАК ПРЕДМЕТ
Наименование темы Учреждения среднего профессионального образования
Формальный подзаголовок Методические пособия
Тематический подзаголовок Сетевое образовательное пространство
-- Формирование
Системный номер авторитетной/нормативной записи 2688661
Идентификатор авторитетной/нормативной записи RU\NLR\AUTH\6601763407
606 1# - НАИМЕНОВАНИЕ ТЕМЫ КАК ПРЕДМЕТ
Наименование темы Квалиметрия в среднем профессиональном образовании
Формальный подзаголовок Методические пособия
Системный номер авторитетной/нормативной записи 2688662
Идентификатор авторитетной/нормативной записи RU\NLR\AUTH\6601763408
686 1# - ИНДЕКСЫ ДРУГИХ КЛАССИФИКАЦИЙ
Индекс Ч471.231я8
686 1# - ИНДЕКСЫ ДРУГИХ КЛАССИФИКАЦИЙ
Индекс Ч471.28я8
701 #1 - ИМЯ ЛИЦА - АЛЬТЕРНАТИВНАЯ ОТВЕТСТВЕННОСТЬ
Графика поля Кириллица
Материалы, к которым относится поле rus
Начальный элемент ввода Иванова
Часть имени, кроме начального элемента ввода Н. Ю.
Дополнения к именам, кроме дат специалист в области образования
Даты 1980-
Расширение инициалов личного имени Наталья Юрьевна
Системный номер авторитетной/нормативной записи 2650145
Идентификатор авторитетной/нормативной записи RU\NLR\AUTH\770278178
701 #1 - ИМЯ ЛИЦА - АЛЬТЕРНАТИВНАЯ ОТВЕТСТВЕННОСТЬ
Графика поля Кириллица
Материалы, к которым относится поле rus
Начальный элемент ввода Борисова
Часть имени, кроме начального элемента ввода А. С.
Дополнения к именам, кроме дат специалист в области онлайн-образования
Расширение инициалов личного имени Анна Сергеевна
Системный номер авторитетной/нормативной записи 2650146
Идентификатор авторитетной/нормативной записи RU\NLR\AUTH\770278179
701 #1 - ИМЯ ЛИЦА - АЛЬТЕРНАТИВНАЯ ОТВЕТСТВЕННОСТЬ
Начальный элемент ввода Лохматов
Часть имени, кроме начального элемента ввода Е. А.
Расширение инициалов личного имени Евгений Александрович
701 #1 - ИМЯ ЛИЦА - АЛЬТЕРНАТИВНАЯ ОТВЕТСТВЕННОСТЬ
Начальный элемент ввода Кошелев
Часть имени, кроме начального элемента ввода А. А.
Расширение инициалов личного имени Александр Анатольевич
712 02 - НАИМЕНОВАНИЕ ОРГАНИЗАЦИИ - ВТОРИЧНАЯ ОТВЕТСТВЕННОСТЬ
Код отношения Прочие
Начальный элемент ввода Национальное аккредитационное агентство в сфере образования
Идентифицирующий признак Москва
Системный номер авторитетной/нормативной записи 751659
Идентификатор авторитетной/нормативной записи RU\NLR\AUTH\880543613
942 ## - ДОПОЛНИТЕЛЬНЫЕ ЭЛЕМЕНТЫ ЗАПИСИ (АБИС)
Тип экземпляра АБИС Книга
980 ## - КОЛЛЕКЦИЯ
Название коллекции Национальная библиография

Нет доступных экземпляров.